[Event "HUN-chT2 Szechenyi 0910"]
[Site "Hungary"]
[Date "2010.04.18"]
[Round "10.12"]
[White "Hecker, Patrik"]
[Black "Rot, Norbert"]
[Result "0-1"]
[WhiteElo "1481"]
[BlackElo "1781"]
[PlyCount "130"]
[EventDate "2009.11.08"]
[EventType "team-tourn"]
[EventRounds "11"]
[EventCountry "HUN"]
[SourceTitle "EXT 2011"]
[Source "ChessBase"]
[SourceDate "2010.11.26"]
[SourceVersion "1"]
[SourceVersionDate "2010.11.26"]
[SourceQuality "1"]
[WhiteTeam "Zala Volan"]
[BlackTeam "BSC"]
[WhiteTeamCountry "HUN"]
[BlackTeamCountry "HUN"]

1. e4 c5 2. Nf3 e6 3. d4 cxd4 4. Nxd4 a6 5. Bd3 Nf6 6. Nc3 Qc7 7. 0-0 Bc5 8. Be3 d6 9. Qe2 0-0 10. Nf3 Bxe3 11. Qxe3 Nbd7 12. Rad1 Ne5 13. Rd2 b5 14. Nxe5 dxe5 15. a3 Bb7 16. f3 Rfd8 17. Rfd1 h6 18. Ne2 Rd7 19. b3 Rad8 20. c4 bxc4 21. Bxc4 Rxd2 22. Rxd2 Rxd2 23. Qxd2 Qc5+ 24. Kf1 Kh7 25. a4 Qa3 26. Qc3 Qd6 27. Ke1 Nd7 28. Qd3 Qc6 29. h3 Nc5 30. Qe3 Nxa4 31. Nc3 Nc5 32. Kf2 a5 33. Qe2 Nxb3 34. Nb5 Qc5+ 35. Kg3 Nd4 36. Qd3 a4 37. h4 Nxb5 38. Bxb5 Bc6 39. Bxc6 Qxc6 40. Qa3 Qa6 41. Kf2 Qc4 42. Ke1 f5 43. exf5 Qxh4+ 44. Kf1 exf5 45. Qd3 Qf4 46. Kf2 Qd4+ 47. Ke2 Qxd3+ 48. Kxd3 e4+ 49. Kc3 e3 50. f4 a3 51. g3 a2 52. Kb2 e2 53. Kxa2 e1Q 54. Kb3 Qc1 55. Kb4 Kg8 56. Kb5 Qc3 57. g4 fxg4 58. f5 Kf7 59. f6 gxf6 60. Kb6 Qc4 61. Ka5 Qb3 62. Ka6 Ke6 63. Ka5 Kd6 64. Ka6 Kc6 65. Ka5 Qa3# 0-1